| 000 | 00428nam a2200181Ia 4500 | ||
|---|---|---|---|
| 001 | 11658 | ||
| 005 | 20260306162844.0 | ||
| 008 | 260306t1992||||xx |||||||||||||| ||spa|| | ||
| 041 | _aESP | ||
| 082 |
_a985.41 _bG96 |
||
| 100 |
_aGutiérrez, Ramón _eAUT |
||
| 245 | 0 | _aEvolución histórica urbana de Arequipa, 1540-1990 | |
| 260 | _c1992 | ||
| 300 |
_a _c |
||
| 650 | _aGEN | ||
| 654 | _aCHU | ||
| 942 |
_cLIB _dJUS _fJUS _2ddc _n |
||
| 999 |
_c11658 _d11658 |
||